Images That End in 'B' Quiz Stats

 Plays Quiz Updated Nov 8, 2017

Score 0/21 Timer 04:00
0 Plays Today
% Correct
bulb
99.1%
web
98.7%
bathtub
97%
crib
94.1%
lamb
93.6%
curb
87.1%
honeycomb
85.3%
crumb
84.5%
shrub
80%
pub
79.8%
tomb
71.5%
% Correct
Bob (Marley)
68.7%
tab
66.4%
lab
64%
knob
63.8%
grub
59.1%
sob
53.6%
The Blob
49.4%
jamb
43.4%
scarab
40.2%
fob
36.8%

You're not logged in!

Compare scores with friends on all Sporcle quizzes.
OR
Log In

Sporcle TV

Today on Sporcle TV


Watch our educational content, quiz creation guides, and fun videos on Sporcle TV.

Show Comments

Extras

Top Quizzes Today


Score Distribution

Your Account Isn't Verified!

In order to create a playlist on Sporcle, you need to verify the email address you used during registration. Go to your Sporcle Settings to finish the process.

Report this User

Report this user for behavior that violates our Community Guidelines.

Details: